Statistics for FIFA World Cup Teams Goal Leaders

Click here to take the quiz!

General Stats

  • This quiz has been taken 26 times
  • The average score is 9 of 15

Answer Stats

CountryPlayer% Correct
Germany/West GermanyMiroslov Klose (16)
100%
BrazilRonaldo (15)
100%
PortugalEusebio (10)
76%
AustraliaTim Cahill (5)
76%
ArgentinaGabriel Batistuta (10)
72%
EnglandGary Lineker (10)
72%
FranceJust Fontaine (13)
72%
SpainDavid Villa (9)
68%
United StatesLandon Donovan (5)
64%
GhanaAsamoah Gyan (6)
52%
PolandGrzegorz Lato (10)
32%
ItalyChristian Vieri (9)
24%
BelgiumMarc Wilmots (5)
24%
NetherlandsJohnny Rep (7)
16%
RussiaOleg Salenko (6)
16%

Score Distribution

Percentile by Number Answered

Percent of People with Each Score

Your Score History

You have not taken this quiz